ბათუმის შოთა რუსთაველის სახელმწიფო უნივერსიტეტის ბიბლიოთეკა

არქიტექტურული გრაფიკა და გეომეტრიული აგებები / (ბიბ.ჩანაწერი № 41615)

000 -ლიდერი
ფიქსირებული სიგრძის საკონტროლო ველი 01192nam a2200265Ia 4500
001 - საკონტროლო ნომერი
საკონტროლო ველი 8284
003 - საკონტროლო ნომრის იდენტიფიკატორი
საკონტროლო ველი GE_BSU
005 - ბოლო ოპერაციის თარიღი და დრო
საკონტროლო ველი 20240422161903.0
008 - ფიქსირებული სიგრძის მონაცემთა ელემენტები - ზოგადი ინფორმაცია
ფიქსირებული სიგრძის საკონტროლო ველი 181216s2007||||ge |||||||||||||| ||geo||
040 ## - კატალოგიზაციის წყარო
Transcribing agency GE_BSU
041 ## - ენის კოდი
Language code of text/sound track or separate title geo
080 ## - უნივერსალური ათობითი კლასიფიკაციის ინდექსი
Universal Decimal Classification number 72.021.2+514.115+514.18+721.012 დ-16
100 ## - მთავარი ჩანაწერი - პიროვნების სახელი
Personal name დათუაშვილი, გიორგი
9 (RLIN) 20572
245 ## - ცნობა სათაურის შესახებ
Title არქიტექტურული გრაფიკა და გეომეტრიული აგებები /
Statement of responsibility, etc გ. დათუაშვილი.
264 ## - წარმოების, გამოცემის, დისტრიბუციის და სხვა ცნობები
გამოცემის, წარმოების, დისტრიბუციის... ადგილი თბილისი :
გამოცემის, წარმოების, დისტრიბუციის... სახელწოდება (გ.გ.),
გამოცემის, წარმოების, დისტრიბუციის... თარიღი 2007.
300 ## - ფიზიკური აღწერა
Extent 338 გვ. :
Other physical details ილ. ;
Dimensions 29 სმ.
500 ## - ზოგადი შენიშვნა
General note გარეკანზე ავტორი მითითებული არ არის
504 ## - BIBLIOGRAPHY, ETC. NOTE
Bibliography, etc ბიბლიოგრაფია : გვ. 327-329
653 ## - INDEX TERM--UNCONTROLLED
Uncontrolled term არქიტექტურა
653 ## - INDEX TERM--UNCONTROLLED
Uncontrolled term არქიტექტურული გრაფიკა
653 ## - INDEX TERM--UNCONTROLLED
Uncontrolled term გეომეტრიული აგებები
653 ## - INDEX TERM--UNCONTROLLED
Uncontrolled term არქიტექტურული დაგეგმარების მეთოდები
942 ## - ADDED ENTRY ELEMENTS (KOHA)
Koha item type წიგნი
Source of classification or shelving scheme
ეგზემპლარები
ჩამოწერის სტატუსი დაკარგული ეგზემპლარის სტატუსი კლასიფიკაციის წყარო ან თაროზე გაწყობის სქემა დაზიანების სტატუსი არ გაიცემა მუდმივი მდებარეობა (დაცვის ადგილი) ამჟამინდელი ადგილსამყოფელი თაროზე განთავსების ადგილი შეძენის თარიღი ღირებულება, შესყიდვის ნორმალური ფასი სრული შენახვის შიფრი შტრიხკოდი ბოლო ოპერაციის თარიღი ეგზემპლარის მიმდევრობითი ნომერი (კეტერი?) ფასის ძალაში შესვლის თარიღი ეგზემპლარის სახეობა საჯარო შენიშვნა
          ბათუმის შოთა რუსთაველის სახელმწიფო უნივერსიტეტის მთავარი ბიბლიოთეკა ბათუმის შოთა რუსთაველის სახელმწიფო უნივერსიტეტის მთავარი ბიბლიოთეკა წიგნსაცავი 2018-12-17 30.00 72.021.2+514.115+514.18+721.012 დ-16 26643 2018-12-17 26643 2018-12-17 წიგნი 30.00 ₾.
          ბათუმის შოთა რუსთაველის სახელმწიფო უნივერსიტეტის მთავარი ბიბლიოთეკა ბათუმის შოთა რუსთაველის სახელმწიფო უნივერსიტეტის მთავარი ბიბლიოთეკა წიგნსაცავი 2018-12-17 30.00 72.021.2+514.115+514.18+721.012 დ-16 26644 2018-12-17 26644 2018-12-17 წიგნი 30.00 ₾.
          ტექნოლოგიური ფაკულტეტის ბიბლიოთეკა ტექნოლოგიური ფაკულტეტის ბიბლიოთეკა წიგნსაცავი 2024-04-22 30.00 72.021.2+514.115+514.18+721.012 დ-16 26645 2024-04-22 26645 2024-04-22 წიგნი 30.00 ₾.